| 000 | 00794cab a2200265 4500 | ||
|---|---|---|---|
| 001 | ABS59891 | ||
| 008 | 090401t1999 xxu||||| |||| 00| 0 eng d | ||
| 035 | _a(Sirsi) u91191 | ||
| 041 | _aeng | ||
| 100 | _aBaber, F, | ||
| 245 | _aClients want more accurate early cost forecasting | ||
| 260 | _c1999 | ||
| 350 | _a0 | ||
| 490 |
_aCSM (Chartered Surveyor Monthly) _v8(6) February 1999, 48-49(2) |
||
| 520 | _aSummarises the results of research commissioned by the RICS on cost forecasting in design and build organisations. | ||
| 650 | _aBUDGETING | ||
| 650 | _aCOST FORECASTING | ||
| 650 | _aDESIGN AND BUILD PROJECTS | ||
| 650 | _aDESIGN COSTS | ||
| 650 | _aRESEARCH | ||
| 650 | _aSURVEYS | ||
| 690 | _aBUILT ENVIRONMENT-BUILDING COSTS | ||
| 942 | _n0 | ||
| 948 | _c09/02/1999 | ||
| 999 |
_c57867 _d57867 |
||